Top 10 Kälteste Europäische Länder - Statistiken

Allgemein
  • Dieses Quiz wurde 38.088 mal gespielt
  • Das Durchschnittsergebnis liegt bei 8 aus 10
Antwortstatistiken
° C Land % Korrekt
-5.10 Russland
99%
1.70 Finnland
98%
1.50 Norwegen
98%
2.10 Schweden
98%
1.75 Island
94%
5.10 Estland
93%
5.60 Lettland
92%
6.15 Belarus
80%
5.50 Schweiz
55%
5.65 Liechtenstein
39%
Keine übereinstimmenden Quizze gefunden
Verteilung der Resultate
Anzahl Personen mit jedem Resultat
Perzentil nach korrekt beantworteten Fragen
Ihre Resultats-Entwicklung
Sie haben dieses Quiz noch nicht gespielt